00671cam a22002173a 450000100060000000300060000600500170001200800410002904000150007004200070008505000070009210000380009924500910013726000290022850600300025751600200028765300260030765300490033383000290038285600420041121214PGUSA20140828083442.0070425s2007||||xxu|||||s|||||000 | eng d aPGUSAbeng adc 4aPR1 aLockwood, Frank,cSir,d1846-189714aThe Law and Lawyers of Pickwick :bA Lectureh[electronic resource] /cFrank, Lockwood bProject Gutenberg,c2007 aPublic domain in the USA. aElectronic text aLawyers in literature aDickens, Charles, 1812-1870. Pickwick papers 0aProject Gutenbergv2121440uhttp://www.gutenberg.org/ebooks/21214